000 00960nam a2200289 i 4500
001 000016484
003 DO-SdBNP
005 20240715140508.0
007 ta
008 100305s1988 dr 000 0 spa d
040 _aDO-SdBNP
_bspa
_cBNPHU
_erda
082 _bG491r
_222
100 1 _aGimeno, Consuelo
_934583
245 1 0 _aReflexiones en torno a la identidad del maestro dominicano /
_cConsuelo Gimeno, Raymundo González, José Manuel Madruga, Leopoldo Artiles Gil
264 1 _aSanto Domingo :
_bCentro Poveda,
_c1988.
300 _a96 páginas
_c21 cm.
336 _2rdacontent
_atexto
_btxt
337 _2rdamedia
_asin mediación
_bn
338 _2rdacarrier
_avolumen
_bnc
504 _aBibliografías p: 66, 96
590 _aInventariado, 2024/ YL
700 _aGonzález, Raymundo
_eautor
_96373
700 1 _aMadruga, José Manuel
_936713
_eautor
700 1 _aArtiles Gil, Leopoldo
_eautor
_911876
910 _aYLockward
942 _2ddc
_cLBS1
999 _c16019
_d16019